Pays Historiques et Traditionnels de la Bretagne - Statistiques

Statistiques générales
  • Ce quiz a été pris 58 fois
  • Le résultat moyen est 7 sur 52
Statistiques - réponses
Pays historiques Pays traditionnels % Correct
Cornouaille Pays Bigouden
54%
Léon Bas-Léon
44%
Léon Haut-Léon
44%
Pays de Saint-Brieuc Goëlo
32%
Cornouaille Pays Glazik
22%
Pays de Saint-Brieuc Penthièvre
22%
Cornouaille Poher
22%
Trégor Bas-Trégor
20%
Cornouaille Cap Sizun
17%
Pays de Saint-Malo Clos Poulet
17%
Pays rennais Pays de Rennes
17%
Cornouaille Pays Fañch
17%
Cornouaille Fisel
15%
Pays nantais Pays de Nantes
15%
Vannetais Pays de Pontivy
15%
Pays nantais Pays de Redon
15%
Vannetais Pays de Redon
15%
Pays nantais Pays de Retz
15%
Cornouaille Penn Sardin
15%
Pays de Saint-Malo Poudouvre
15%
Vannetais Pourlet
15%
Vannetais Vannetais gallo
15%
Trégor Grand-Trégor
12%
Pays de Saint-Brieuc Pays de Loudéac
12%
Trégor Petit-Trégor
12%
Pays de Saint-Malo Porhoët
12%
Pays rennais Vendelais
12%
Cornouaille Chtou
10%
Cornouaille Crozon
10%
Pays de Dol Dolois
10%
Vannetais Pays de Baud
10%
Cornouaille Plougastel
10%
Vannetais Rhuys
10%
Vannetais Bas-Vannetais
7%
Pays de Dol Clos Ratel
7%
Pays rennais Coglais
7%
Cornouaille Dardoup
7%
Vannetais Haut-Vannetais
7%
Pays de Saint-Brieuc Mené
7%
Pays nantais Pays d'Ancenis
7%
Pays nantais Pays de la Mée
7%
Cornouaille Calanhel
5%
Vannetais Kost ar c'hoad
5%
Pays nantais Mitau
5%
Pays de Saint-Malo Pays pourpré
5%
Pays de Saint-Malo Rohan
5%
Cornouaille Giz Fouen
2%
Cornouaille Giz Gouezeg
2%
Pays nantais Pays de la Guérande
2%
Pays nantais Pays du Vignoble nantais
2%
Cornouaille Pays Rouzig
2%
Pays rennais Guerchais
0%
Aucun quiz correspondant
Distribution des résultats
% des personnes avec chaque résultat
Percentile par nombre de réponses
Votre historique - résultats
Vous n’avez pas pris ce quiz